000 00587nam a2200229Ia 4500
003 GCL
008 140319s9999 xx 000 0 eng d
040 _aGCL /
_cGCL
082 0 4 _a363.8
_bB M
100 1 _aBERG, ALAN
245 1 0 _aMALNOURISHED PEOPLE: A POLICY VIEW /
_cBERG, ALAN
260 _a[S.N] :
_bWORLD BANK ،
_c1981
300 _a108 P
650 0 4 _aNUTRITION
650 0 4 _aFOOD
650 0 4 _aFOOD AND PROGRAMES
650 0 4 _aNUTRITION PROBLEMS
650 0 4 _aFOOD POLICIES
650 0 4 _aNUTRITION - HEALTH
650 0 4 _aNUTRITION - AGRICULTURE
942 _2ddc
_cBK
999 _c14933
_d14933